25000 años de mecánica (Record no. 176862)

MARC details
000 -LEADER
campo de control de longitud fija 00865nam a22002415i 4500
001 - NÚMERO DE CONTROL
campo de control 176862
003 - IDENTIFICADOR DE NÚMERO DE CONTROL
campo de control ES-MaACL
005 - FECHA Y HORA DE LA ÚLTIMA TRANSACCIÓN
campo de control 20250825062633.0
008 - DATOS DE LONGITUD FIJA--INFORMACIÓN GENERAL
campo de control de longitud fija 110215s1957 sp a |||| | spa d
080 ## - NÚMERO DE LA CLASIFICACIÓN DECIMAL UNIVERSAL
Número de la Clasificación Decimal Universal 531(091)
080 ## - NÚMERO DE LA CLASIFICACIÓN DECIMAL UNIVERSAL
Número de la Clasificación Decimal Universal 087.5
100 1# - ENTRADA PRINCIPAL--NOMBRE DE PERSONA
Nombre de persona Hogben, Lancelot.
9 (RLIN) 63977
245 10 - MENCIÓN DEL TÍTULO
Título 25000 años de mecánica
Resto del título : hombres, músculos y máquinas a través de los siglos /
Mención de responsabilidad, etc. por Lancelot Hogben ; traducción del inglés por Ernesto Mascaró.
260 ## - PUBLICACIÓN, DISTRIBUCIÓN, ETC.
Lugar de publicación, distribución, etc. Barcelona :
Nombre del editor, distribuidor, etc. Daimon,
Fecha de publicación, distribución, etc. 1957.
300 ## - DESCRIPCIÓN FÍSICA
Extensión 69 p. :
Otras características físicas il. col. ;
Dimensiones 33 cm.
490 1# - MENCIÓN DE SERIE
Mención de serie Enciclopedia juvenil del siglo XX ;
Designación de volumen o secuencia 5
650 04 - PUNTO DE ACCESO ADICIONAL DE MATERIA--TÉRMINO DE MATERIA
Término de materia o nombre geográfico como elemento de entrada Mecánica-
Subdivisión de forma Historia.
9 (RLIN) 145206
655 #7 - TERMINO DE INDIZACIÓN--GENERO/FORMA
Datos o término principal de género/forma Libros infantiles
Fuente del término tgfbne
9 (RLIN) 226786
700 1# - ENTRADA AGREGADA--NOMBRE PERSONAL
Nombre de persona Mascaró, Ernesto.
9 (RLIN) 78682
830 0# - PUNTO DE ACCESO ADICIONAL DE SERIE-TÍTULO UNIFORME
Título uniforme Enciclopedia juvenil del siglo XX ;
Designación de volumen o secuencia 5
9 (RLIN) 190275
852 ## - LOCALIZACIÓN
Ubicación ES-MaACL
Número de control de estantería E-14314
Encuadernación Olim P-1064
Holdings
Estatus retirado Estado de pérdida Estado de daño No para préstamo Biblioteca de origen Biblioteca actual Ubicación en estantería Fecha de adquisición Fuente de adquisición Total de préstamos Signatura topográfica completa Código de barras Visto por última vez Precio de reemplazo Tipo de ítem Koha
        Biblioteca del Ateneo de Madrid Biblioteca del Ateneo de Madrid Depósito 2 15/02/2011     E-14314 1185757 23/02/2023 23/02/2023 Libro impreso